|
|
|
|
| LEADER |
00000nab a2200000 a 4500 |
| 001 |
vtls000827882 |
| 003 |
SK-MaSNL |
| 005 |
20260305025555.0 |
| 008 |
040806c2000 xo 0 slo |
| 015 |
|
|
|a SNBRA2003/03-08243
|
| 035 |
|
|
|a CLN000179537
|
| 040 |
|
|
|a SNKBUCL
|b slo
|c SNKBUCL
|e AACR2
|
| 041 |
0 |
|
|a slo
|
| 044 |
|
|
|a xo
|c SK
|
| 080 |
|
|
|a 69:006.83(100)
|2 UDC-MRF-SK2
|
| 080 |
|
|
|a 658.62.018.2
|2 UDC-MRF-SK2
|
| 080 |
|
|
|a 006.83(100)
|2 UDC-MRF-SK2
|
| 100 |
1 |
|
|a Bíly, Matej
|4 aut
|9 274721
|
| 245 |
1 |
0 |
|a Norma ISO/DIS 9001: 2000 a jej implementácia - prechodné obdobie
|c Matej Bíly
|
| 500 |
|
|
|a Poznámky pod čiarou
|
| 504 |
|
|
|a Res. angl.
|
| 630 |
0 |
7 |
|a ISO/DIS 9001
|2 snkbucl
|9 1605939
|
| 650 |
0 |
7 |
|a stavebníctvo
|2 snkbucl
|9 726
|
| 650 |
0 |
7 |
|a kvalita
|2 snkbucl
|9 1150
|
| 655 |
|
7 |
|a články zo zborníkov
|2 snkbucl
|9 166140
|
| 773 |
0 |
|
|z 8070996013
|t Kvalita v stavebníctve
|d Košice : Technická univerzita, 2000
|g S. 143-148
|
| 850 |
|
|
|a Slovenská národná knižnica v Martine
|
| 852 |
|
|
|a SNK
|b KIS3GCP
|
| 999 |
|
|
|c 3306367
|d 3308297
|